000 00998nam a22001937a 4500
003 OSt
005 20251215091430.0
008 251215b |||||||| |||| 00| 0 eng d
040 _cDCL
041 _aMyanmar
082 _a၂၉၄.၃၈၂၃၅၃
100 0 _aညောင်ကန်ဆရာတော်ဘုရားကြီး။
245 1 _aပုံတော်စုံ ငါးရာ့ငါးဆယ်ဇာတ်ဝတ္ထုများ၊
_nပထမတွဲ၊ ဇာတ်ပေါင်း-၁၅၀ /
_cညောင်ကန်ဆရာတော်ဘုရားကြီး။
250 _aတတိယအကြိမ်။
260 _aရန်ကုန် ၊
_bယုံကြည်ချက်စာပေ၊
_c၂၀၀၅။
300 _aဘ၊ ၅၆၀ စာမျက်နှာ ၊
_c၂၅ စင်တီ။
650 _aငါးရာ့ငါးဆယ်ဇာတ်ဝတ္ထု
942 _2ddc
_cSHORT TERM
_n0
999 _c2703
_d2703